Quizzes
Events
Quiz Creation
Community
Videos
Private Events
Remove Ads
Sign In
Join for FREE
Feedback
Dark Mode
Quiz Categories
Sports
Geography
Music
Movies
Television
Just For Fun
Miscellaneous
History
Literature
Language
Science
Gaming
Entertainment
Religion
Holiday
For Kids
Quiz Lab
Recent
Popular Today
Quiz Kudos Today
Editor Picks
Curator Picks
Quizzes by...
Day
Popularity
Type
Ratings
Length
Year
Community
Subscriptions
Recent Discussions
Orange Saloon
Badges
Playlists
Quests
Create
Leaderboards
Showdown
Live 5
Trivia Bingo
Activity
Puzzle Library
Sporcle Events
Private Events
Virtual Trivia
Globe League
Become a Host
Pub Owners
SporcleCon
Opinionation
Our Games
Videos
Blog
Mobile Apps
Partnerships
Remove Ads and Go Orange
Feedback
History
US Presidents
World Leaders
Politics
Nation
Discovery
War
Decade
Year
Century
Biography
Art
History
US Presidents
World Leaders
Politics
Nation
Discovery
War
Decade
Year
Century
Biography
Art
Random Quiz
Search Sporcle
×
Quiz Lab
Quiz Lab
History
ids
Type in answers that appear in a list
Type in answers that appear in a list
Classic
Best Score? Go Orange.
Guess the ID Stats
Can you name the IDs
By
plamen
9m
21 Questions
4 Plays
4 Plays
4 Plays
Comments
Comments
Give Quiz Kudos
Give Quiz Kudos
-
- Ratings
hide this ad
Forced Order
Answers have to be entered in order
Answers have to be entered in order
Replay
Link that replays current quiz
Next Quiz
Link to next quiz in quiz playlist
You Got
0%
They Got
Avg Score
52%
Avg Friend Score
Upgrade to see
Score Distribution
Jump to the score distribution portion of the page
Score
0/21
Timer
09:00
0
Plays Today
Question
Answer
% Correct
American belief that it is their destiny to expand to the pacific ocean.
Manifest Destiny
100%
Flow of Americans into Texas which resulted in the Texans demanding for independence from the Mexican government and a revolution resulted led by Houston and Austin.
Texas Revolution
50%
Disputes over the Texas/
Mexican border and the California territory occured leading to a war in which the US won.
Mexican-American War
50%
This treaty, signed in 1847, ended the Mexican/
American War. It gave the US the land called the 'Mexican Cession' which was part of 7 states.
Treaty of Guadalupe-Hidalgo
50%
This resolution proposed that there should be no slavery in the Mexican Cession Territory but it was never passed.
Wilmot Proviso
50%
He was known as a expansionist and slave-
owner, and he believed in lowering the tariff, manifest destiny, and spreading Capitalism, Christianity, and Democracy across the continent
James Polk
50%
During this rebellion, him and his followers cut the throats of southern whites in their sleep, and it resulted in no more serious emancipation talk in the south.
Turner Rebellion
50%
His newspaper, The Liberator, cause him to be beaten by northern broad cloth mobs because he demanded immediate uncompensated emancipation.
William Lloyd Garrison
50%
Formed by Garrison in order to demand immediate uncompensated emancipation.
American Anti-Slavery society
50%
Group of people formed to fight against abolitionist,and they beat Dougals and terrorized Garrison
Broad Cloth Mob
50%
This third party was in the election of 1848 and they supported the Wilmot Proviso, and even though they got a few votes, they changed the election in Taylor's benefit.
Free-Soil Party
50%
Question
Answer
% Correct
A black abolitionist who wrote a book about himself and he became a lecturer and icon of the abolitionist movement.
Frederick Douglass
50%
Clay's compromise that brought California in as a free state, but gave the south the fugitive slave law which allowed for the punishment of northerners who helped slaves escape.
Compromise of 1850
50%
This act repealed the Missouri Compromise and the 36.30 parallel and it led to popular sovereignty deciding if the states would come in as slave or free states.
Kansas-Nebraska Act
50%
This event took place when John Brown killed 5 pro-
slavers in the Pottawatomie Massacre, and it continued when the Brook-
Sumner Clash brought the issue into Congress
Bleeding Kansas
50%
In this court case, the Supreme Court decided that slaves are not citizens so they can't use courts to sue for their freedom, and they are property, and property can go anywhere.
Dred Scott vs.Sandford
50%
The Senatorial Election of 1858 led to these debates over the Kansas-
Nebraska Act, sovereignty, westward expansion of slavery, and slavery in general.
Lincoln-Douglas Debates
50%
This abolitionist tried to free slaves by seizing arms at the Federal Armory, but he was captured by Robert E. Lee and later hung when quickly found guilty
John Brown
50%
Lincoln, a Republican, won this election without getting a single vote from 10 southern states, and it led to South Carolina's threat of secession from the union.
Election of 1860
50%
This convention was called by a southern state in order to vote for secession or nullification of the Constitution. It led to the secession of many states.
SC secessionist convention
50%
A compromise that called for a Constitutional amendment protecting slavery, but it failed when the south and Lincoln rejected it.
Crittenden Compromise
50%
Quiz Playlist
Details
Report
Send in Message
Add To Playlist
Classic:
Type in answers that appear in a list
Forced Order:
Answers have to be entered in order
Last Updated: Feb 16, 2017
Quiz Scoreboard
CHALLENGE
Sign Up to Join the Scoreboard
Show All
Scores
Hide
Comments
May contain spoilers
Recently Published
Movies - When Are They Set?
by FPL_Elf
Movies
5m
Popular People in 1961
by mucciniale
History
6m
1-10 Letter E Words III
by El_Dandy
Language
2m
More to Explore
Quiz From the Vault
Featured Blog Post
Where Did the Easter Bunny Come From?
hide this ad
You Might Also Like...
Tags
ids
Today's Top Quizzes in History
Browse History
hide this ad
Top Contributed Quizzes in History
1
Popular People in 1991
2
Popular People in 1981
3
Popular People in 1951
4
Popular People in 1941
5
Popular People in 1986
6
Popular People in 1921
7
Popular People in 1976
8
I Am Born On March 28th
9
Popular People in 1946
10
Popular People in 1936
Explore More
Trending Topics
Anime
Crossword
Disney
NBA
Kpop
Marvel
Harry Potter
The Office
Puzzle
WWE
Pokémon
Soccer
Song
Country
NFL
hide this ad
More By:
plamen
Quiz
Plays
Rating
Category
Featured
Created
True or False:US History
116
4.00
History
Nov 19, 2014
guess the ID
4
History
Nov 19, 2014
Go to Creator's Profile
Score Distribution
Quiz Creator Spotlight
plamen
Follow
Send a Message
Quizzes Created
-
Created Quiz Play Count
-
More By This Creator
Popular Quizzes Today
1
Find the US States - No Outlines Minefield
2
Find the Countries of Europe - No Outlines Minefield
3
The Countries of the World
4
Popular People in 1961
5
1-10 Letter E Words III
6
US States
7
Find the US States
8
One Thing in Common: World Cities II
More History Quizzes
Famous Quotes About 'L'
Published
Trending Quizzes
Risky Map Clicking: Least Populous States A-Z
1-10 Letter F Words
1-10 Letter G Words
One Thing in Common: United Kingdom
Risky Map Clicking: Next State Alphabetically
Recently Updated
Leaping Animals
pecheneg
Reality TV Shows (A-Z)
bhenderson79
Rickey Henderson's Hall of Fame Teammates
pecheneg
Champions League XIs: Arsenal
pecheneg
Quick Pick: Celebrities in WWE's Hall of Fame
aduchscher
A-Z Keypad Blitz II
pecheneg
Multiple Oscar Actors
pecheneg
Mystery Phrase Blitz: Oscar 'Best Actors'
pecheneg
F. Scott Fitzgerald Novels
LTH
Pick 3 Villains
ddd62291
Trending Topics
Anime
Harry Potter
Marvel
Disney
NBA
Kpop
Crossword
NFL
Soccer
The Office
Puzzle
WWE
Song
Pokémon
Country
Your Account Isn't Verified!
In order to create a playlist on Sporcle, you need to verify the email address you used during registration. Go to your
Sporcle Settings
to finish the process.
Report this User
Report this user for behavior that violates our
Community Guidelines
.
Details:
Send Report
Go to the Sporcle.com Mobile Site →
Comments